000
00307nam a2200109Ia 4500
008
220204s9999 xx 000 0 und d
082
_a
631.11
_b
FUK
100
_a
Fukuoka, Masanobu
245
0
_a
One straw revolution: An introduction ot natural farming
260
_a
Goa
_b
Other India Press
_c
1992
942
_c
BK
999
_c
40736
_d
40736